Memoria correspondiente a los años de 1890 y 1891 (Record no. 195711)

MARC details
000 -LEADER
campo de control de longitud fija 01558nam a22003491i 4500
001 - NÚMERO DE CONTROL
campo de control 195711
003 - IDENTIFICADOR DE NÚMERO DE CONTROL
campo de control ES-MaACL
005 - FECHA Y HORA DE LA ÚLTIMA TRANSACCIÓN
campo de control 20250719062549.0
007 - CAMPO FIJO DE DESCRIPCIÓN FÍSICA--INFORMACIÓN GENERAL
campo de control de longitud fija ta
008 - DATOS DE LONGITUD FIJA--INFORMACIÓN GENERAL
campo de control de longitud fija 240710m1892 cu r 000 a|spa c
035 ## - NÚMERO DE CONTROL DEL SISTEMA
Número de control de sistema Rebiun20123399
040 ## - FUENTE DE CATALOGACIÓN
Centro catalogador/agencia de origen ES-MaAEC
Lengua de catalogación spa
Centro/agencia modificador ES-MaAEC
Centro/agencia transcriptor ES-MaACL
080 ## - NÚMERO DE LA CLASIFICACIÓN DECIMAL UNIVERSAL
Número de la Clasificación Decimal Universal 343.81(729.1)
100 1# - ENTRADA PRINCIPAL--NOMBRE DE PERSONA
Nombre de persona Calbeto, Antonio
9 (RLIN) 237364
245 10 - MENCIÓN DEL TÍTULO
Título Memoria correspondiente a los años de 1890 y 1891
246 14 - FORMA VARIANTE DEL TITULO
Título propio/Titulo breve Memoria del Presidio de la Habana correspondiente a los años 1890 y 1891
260 ## - PUBLICACIÓN, DISTRIBUCIÓN, ETC.
Lugar de publicación, distribución, etc. Habana :
Nombre del editor, distribuidor, etc. Imprenta La Tipografia de Manuel R. Rubio
Fecha de publicación, distribución, etc. 1892.
300 ## - DESCRIPCIÓN FÍSICA
Extensión 35 p. ;
Dimensiones 25 cm
336 ## - TIPO DE CONTENIDO
Fuente rdacontent
Término de tipo de contenido texto
337 ## - TIPO DE MEDIO
Fuente rdamedia
Nombre/término del tipo de medio sin mediación
338 ## - TIPO DE SOPORTE
Fuente rdacarrier
Nombre/término del tipo de soporte volumen
500 ## - NOTA GENERAL
Nota general Precede al tít.: Presidio de la Habana
610 #0 - PUNTO DE ACCESO ADICIONAL DE MATERIA--NOMBRE DE ENTIDAD CORPORATIVA
Nombre de entidad corporativa o nombre de jurisdicción como elemento de entrada Presidio de la Habana
9 (RLIN) 237365
650 07 - PUNTO DE ACCESO ADICIONAL DE MATERIA--TÉRMINO DE MATERIA
Término de materia o nombre geográfico como elemento de entrada Establecimientos penitenciarios-
9 (RLIN) 167488
Subdivisión geográfica Cuba
740 0# - ENTRADA AGREGADA--TÍTULO RELACIONADO/ANALÍTICO NO CONTROLADO
Título relacionado o analítico no controlado Presidio de la Habana. Memoria del año de 1888
740 0# - ENTRADA AGREGADA--TÍTULO RELACIONADO/ANALÍTICO NO CONTROLADO
Título relacionado o analítico no controlado Presidio de la Habana. Memoria del año de 1889
852 ## - LOCALIZACIÓN
Ubicación ES-MaACL
Sublocalización o colección R.FOLL.7/7
Ubicación en estantería Sala Valle Inclán
Signatura antigua Olim: 193-c-14
Número de control de estantería D-91(7)
Anotaciones manuscritas Anotación manuscrita en portada: "Folletos penitenciarios. T. 14"
Donativo/Legado Donación: Francisco Lastres y Juiz
itemnumber 203883
Marcas de propiedad Sello en tinta en portada: "Donativo del Sr. Lastres al Ateneo de Madrid 1907"
Encuadernación Encuadernado con otras obras formando un volumen facticio
903 ## - NOMBRE PERSONAL DE DONANTE
a Lastres y Juiz, Francisco,
d 1848-1918
q 1
e Donante
9 70504
942 ## - ELEMENTOS DE ENTRADA SECUNDARIOS (KOHA)
Suprimir en OPAC No
Tipo de ítem Koha Folleto
Holdings
Estatus retirado Estado de pérdida Fuente del sistema de clasificación o colocación Estado de daño No para préstamo Colección Biblioteca de origen Biblioteca actual Ubicación en estantería Fecha de adquisición Fuente de adquisición Total de préstamos Signatura topográfica completa Código de barras Visto por última vez Precio de reemplazo Tipo de ítem Koha
    Clasificación decimal universal     Colección de folletos Biblioteca del Ateneo de Madrid Biblioteca del Ateneo de Madrid Sala Valle Inclán 10/07/2024 Donación   D-91(7) 101228738 10/07/2024 10/07/2024 Folleto